MARC details
| 000 -LEADER |
| campo de control de longitud fija |
03844nac a2200289 a 4500 |
| 003 - IDENTIFICADOR DE NÚMERO DE CONTROL |
| campo de control |
CO-PeBPM |
| 005 - FECHA Y HORA DE LA ÚLTIMA TRANSACCIÓN |
| campo de control |
20260422153928.0 |
| 007 - CAMPO FIJO DE DESCRIPCIÓN FÍSICA--INFORMACIÓN GENERAL |
| campo de control de longitud fija |
ta |
| 008 - DATOS DE LONGITUD FIJA--INFORMACIÓN GENERAL |
| campo de control de longitud fija |
260124s2025 ck oa||| |||| 00| 0 spa d |
| 020 ## - NÚMERO INTERNACIONAL ESTÁNDAR DEL LIBRO |
| Número Internacional Estándar del Libro |
9786289553956 |
| 040 ## - FUENTE DE CATALOGACIÓN |
| Centro catalogador/agencia de origen |
CO-PeBPM |
| Lengua de catalogación |
spa |
| Centro/agencia transcriptor |
CO-PeBPM |
| Normas de descripción |
rda |
| 041 ## - CÓDIGO DE IDIOMA |
| Código de lengua del texto/banda sonora o título independiente |
spa |
| 082 04 - NÚMERO DE LA CLASIFICACIÓN DECIMAL DEWEY |
| Número de clasificación |
745.5 A473m |
| Número de edición |
22 |
| 100 1# - ENTRADA PRINCIPAL--NOMBRE DE PERSONA |
| Nombre de persona |
Álvarez Betancur, Daniel |
| Término indicativo de función/relación |
autor |
| 245 10 - MENCIÓN DEL TÍTULO |
| Título |
Manos a la obra |
| Resto del título |
: Manualidades para todos |
| Mención de responsabilidad, etc. |
/ Textos Daniel Álvarez Betancur |
| 250 ## - MENCION DE EDICION |
| Mención de edición |
Segunda reimpresión |
| 264 ## - PRODUCCIÓN, PUBLICACIÓN, DISTRIBUCIÓN, FABRICACIÓN Y COPYRIGHT |
| Producción, publicación, distribución, fabricación y copyright |
Bogotá, Colombia |
| Nombre del de productor, editor, distribuidor, fabricante |
: Secretos Para Contar |
| Fecha de producción, publicación, distribución, fabricación o copyright |
, 2025 |
| 300 ## - DESCRIPCIÓN FÍSICA |
| Extensión |
184 páginas |
| Otras características físicas |
ilustraciones a color, fotografías |
| Dimensiones |
27 centimetros |
| 490 ## - MENCIÓN DE SERIE |
| Mención de serie |
Secretos para contar |
| 500 ## - NOTA GENERAL |
| Nota general |
Incluye índice |
| 505 ## - NOTA DE CONTENIDO CON FORMATO |
| Nota de contenido con formato |
Usar las manos -- manualidades para niños -- la importancia de las manualidades en el desarrollo de los niños -- pintura multicolor -- crear con la naturaleza -- antifaces -- dediles -- abanico de papel -- calcetín tin tin -- teatro de cartón -- seres de piedra -- sobres decorados -- figuras inesperadas -- dibujar, divertirse -- cerdo -- perro -- pato -- gallina -- conejo -- caballo -- ardilla -- jaguar -- expresiones faciales -- portalápices de cartón -- cubos descubicados -- bailarinas de hilos -- farolitos con hojas -- figuras de origami -- zorro -- perro -- conejo -- cerdo -- pingüino -- criaturas del bosque -- ¡a navegar! -- telar de cartón -- cometa -- ideas que inspiran -- manualidades para adultos -- paciencia, persistencia y disfrute -- pintura decorativa -- recomendaciones generales -- hoja de palma -- hoja de dos colores -- hoja de helecho -- tulipán -- girasol -- hortensia -- pintura con plantilla y esponja -- ideas que inspiran -- tejidos y costura -- bordado -- pespunte -- puntada partida -- espina de pez -- satín -- recuperar prendas -- croché -- punto cadeneta -- punto bajo -- punto alto o punto pilar -- cuadrito -- patrones -- iraca -- procesamiento del tallo o vena de la iraca -- preparación de los cogollos de la iraca -- canastos -- muñequitas -- tejido plano con iraca -- ideas que inspiran -- arcilla y cerámica -- recolectar arcillas -- preparación de las arcillas -- acabados -- vasija con técnica de rollos -- vasija con técnica de pellizco -- animales o figuras de una bolita de arcilla -- figuras en plancha -- piezas para collares -- quemar arcilla -- elaboración de un horno para cerámica -- ideas que inspiran -- carpintería -- sembrar la casa de tus hijos -- generalidades sobre la madera -- recomendaciones sobre las herramientas -- acabados -- elaboración de una prensa de madera -- perchero -- escalera -- locero -- frutero -- lámpara de techo -- taburete -- repisa -- banca -- mesa -- ideas que inspiran |
| 520 ## - RESUMEN, ETC. |
| Sumario, etc. |
Manos a la obra es un libro pensado para que niños y adultos, por medio del trabajo manual, afinen habilidades psicomotrices, desarrollen la creatividad, la atención y la concentración y tengan un mejor conocimiento de sus capacidades. También, para encontrar formas de utilizar el tiempo libre, embellecer los espacios, elaborar objetos útiles y realizar actividades que ayuden a afianzar relaciones con otras personas. Además, aprender sobre alguna labor con potencial comercial para emprender o para complementar los ingresos familiares. Manos a la obra contiene nociones básicas con múltiples aplicaciones en la elaboración de manualidades para niños, pintura decorativa, bordado, croché, tejido con iraca, cerámica y carpintería. Es una puerta que se abre al universo fantástico e infinito de las manualidades, donde cada uno puede llegar tan lejos como su persistencia y sus ganas lo permitan. (Tomado de la contraportada) |
| 650 17 - PUNTO DE ACCESO ADICIONAL DE MATERIA--TÉRMINO DE MATERIA |
| Término de materia o nombre geográfico como elemento de entrada |
Manualidades |
| Fuente del encabezamiento o término |
LEMB |
| 650 17 - PUNTO DE ACCESO ADICIONAL DE MATERIA--TÉRMINO DE MATERIA |
| Término de materia o nombre geográfico como elemento de entrada |
Artesanías |
| Fuente del encabezamiento o término |
LEMB |
| 942 ## - ELEMENTOS DE ENTRADA SECUNDARIOS (KOHA) |
| Fuente del sistema de clasificación o colocación |
Clasificación Decimal Dewey |
| Tipo de ítem Koha |
Libros |
| Suprimir en OPAC |
No |